00631nab a2200181 uc450000100070000000500170000700800410002403500110006503500210007604000130009704100080011010000330011824500670015165000350021865000200025370000230027377301530029670143620240224090919.0011026e19970301 eng  a701436 a(OCoLC)819920414 ccomduadb aeng10aMcGroarty, Mary E.4auteaut10aTriangulation in classroom research : a study of peer revision 7aConducción de clases2armarc aManejo de clase10aZhu, Wei4auteaut0 tLanguage Learning : a Journal of Research in Language Studies ( Estados Unidos)gVol. 47, No. 01, Mar.-Jun. 1997, p. 1-43w686241x0023-83330209019